[Event "4th EUR-ch"]
[Site "Istanbul TUR"]
[Date "2003.06.10"]
[Round "10.54"]
[White "Burmakin, Vladimir"]
[Black "Reinderman, Dimitri"]
[Result "1-0"]
[WhiteElo "2569"]
[BlackElo "2516"]
[EventDate "2003.05.30"]
[PlyCount "60"]

1.d4 f5 2.Nf3 Nf6 3.c4 g6 4.Nc3 Bg7 5.g3 O-O 6.Bg2 d6 7.d5 Na6 8.O-O Nc5 
9.Nd4 a5 10.b3 Bd7 11.Ba3 Kh8 12.Rc1 Rc8 13.Qd2 Na6 14.e4 fxe4 15.Nxe4 
Nxe4 16.Bxe4 c6 17.h4 Qb6 18.Bb2 Rf7 19.Ne6 Bxb2 20.Qxb2+ Kg8 21.Ng5 Rg7 
22.Kg2 h6 23.Ne6 Bxe6 24.dxe6 Rf8 25.Rc3 Nc5 26.Bc2 Qb4 27.Re3 b5 28.Rb1 
g5 29.a3 Qd2 30.b4 axb4 1-0

[Event "4th EUR-ch"]
[Site "Istanbul TUR"]
[Date "2003.06.10"]
[Round "10.55"]
[White "De Vreugt, Dennis"]
[Black "Stefansson, Hannes Hlifar"]
[Result "0-1"]
[WhiteElo "2503"]
[BlackElo "2565"]
[EventDate "2003.05.30"]
[PlyCount "150"]

1.e4 c5 2.Nf3 Nc6 3.d4 cxd4 4.Nxd4 Nf6 5.Nc3 d6 6.Bg5 e6 7.Qd2 Be7 8.O-O-O
a6 9.f4 Nxd4 10.Qxd4 b5 11.Bxf6 gxf6 12.h4 Qc7 13.g4 Bb7 14.Bg2 Qc5 15.Qd3
O-O-O 16.a3 Kb8 17.Bf3 Rc8 18.Kb1 b4 19.axb4 Qxb4 20.Rhe1 Rc5 21.Na2 Qb6 
22.Qe3 Rhc8 23.Rd3 Qc7 24.Rb3 Ka8 25.Nc3 Ra5 26.Qd2 Bc6 27.Re3 Rb8 28.Ne2 
Rxb3 29.Rxb3 Bb7 30.Nc3 Qc5 31.Ne2 Ra4 32.Re3 Qa5 33.Qxa5 Rxa5 34.c3 Rc5 
35.b4 Rc7 36.Nd4 Bf8 37.f5 Bh6 38.Rd3 Re7 39.Kb2 Kb8 40.Nb3 Bf4 41.Na5 Ba8
42.Nc4 Re8 43.Kb3 Kc7 44.Na5 exf5 45.exf5 Bxf3 46.Rxf3 Re4 47.Rh3 h6 48.
Nc4 d5 49.Nb2 Be5 50.g5 fxg5 51.hxg5 hxg5 52.Rh7 Re3 53.Rxf7+ Kc6 54.Nd1 
Rf3 55.Re7 Bd6 56.Ra7 g4 57.Rxa6+ Kd7 58.Ra7+ Bc7 59.b5 Kc8 60.Ra6 g3 61.
Rg6 d4 62.b6 Be5 63.Kc4 dxc3 64.Kd5 Rxf5 65.Ne3 Rh5 66.Kc6 Rh8 67.Nc2 Rd8 
68.Rg5 Rd6+ 69.Kc5 Bf4 70.Rg4 Be5 71.Rg5 Re6 72.Kd5 Re7 73.Kc6 Rg7 74.Rxg7
Bxg7 75.Nb4 Be5 0-1

[Event "4th EUR-ch"]
[Site "Istanbul TUR"]
[Date "2003.06.10"]
[Round "10.56"]
[White "Kurnosov, Igor"]
[Black "Hulak, Krunoslav"]
[Result "0-1"]
[WhiteElo "2500"]
[BlackElo "2563"]
[EventDate "2003.05.30"]
[PlyCount "92"]

1.e4 c5 2.Nf3 d6 3.d4 cxd4 4.Nxd4 Nf6 5.Nc3 a6 6.Bg5 e6 7.f4 Be7 8.Qf3 Qc7
9.O-O-O Nbd7 10.Bd3 b5 11.Rhe1 Bb7 12.Qg3 g6 13.e5 dxe5 14.fxe5 Nh5 15.Qh4
Qd8 16.Ne4 Bxg5+ 17.Nxg5 Qe7 18.Qg4 Nc5 19.c3 Nxd3+ 20.Rxd3 Bd5 21.Ne4 O-O
22.Rh3 f5 23.exf6 Nxf6 24.Qh4 Rae8 25.Ng5 e5 26.Rhe3 Qc7 27.Ndf3 e4 28.Nd2
Bxa2 29.b3 Qd6 30.Kc2 Qa3 31.c4 bxc4 32.Nxc4 Rc8 33.Qh3 Bxb3+ 34.Rxb3 
Rxc4+ 35.Kb1 Rb4 36.Qe6+ Kh8 37.Re3 Ng4 38.Nf7+ Kg7 39.Rxb4 Qxb4+ 40.Rb3 
Qe1+ 41.Ka2 Qf2+ 42.Ka3 Qc5+ 43.Ka2 Rxf7 44.Qxg4 Rf2+ 45.Rb2 Qc4+ 46.Ka3 
Qc3+ 0-1

[Event "4th EUR-ch"]
[Site "Istanbul TUR"]
[Date "2003.06.10"]
[Round "10.57"]
[White "Kupreichik, Viktor"]
[Black "Vaisser, Anatoli"]
[Result "1/2-1/2"]
[WhiteElo "2484"]
[BlackElo "2563"]
[EventDate "2003.05.30"]
[PlyCount "34"]

1.e4 e6 2.d4 d5 3.Nd2 c5 4.Ngf3 cxd4 5.Bb5+ Nc6 6.Nxd4 Bd7 7.Nxc6 Bxc6 8.
Bxc6+ bxc6 9.c4 Nf6 10.Qa4 Qc7 11.cxd5 exd5 12.O-O Be7 13.exd5 Nxd5 14.Nc4
O-O 15.Bd2 Bf6 16.Rac1 Rfe8 17.b3 Bc3 1/2-1/2

[Event "4th EUR-ch"]
[Site "Istanbul TUR"]
[Date "2003.06.10"]
[Round "10.58"]
[White "Palo, Davor"]
[Black "Anastasian, Ashot"]
[Result "0-1"]
[WhiteElo "2472"]
[BlackElo "2561"]
[EventDate "2003.05.30"]
[PlyCount "78"]

1.d4 Nf6 2.c4 e6 3.Nf3 b6 4.g3 Ba6 5.Qa4 c5 6.Bg2 Bb7 7.dxc5 bxc5 8.O-O 
Be7 9.Nc3 O-O 10.Bf4 d6 11.Rfd1 a6 12.Rd2 Qc7 13.a3 h6 14.h3 Nc6 15.b4 e5 
16.Be3 Nd4 17.bxc5 dxc5 18.Rc1 Rab8 19.Nd5 Nxd5 20.cxd5 Qd6 21.Ne1 Bxd5 
22.Bxd5 Qxd5 23.Qxa6 Ra8 24.Qc4 Qd7 25.Nd3 Rxa3 26.Nxe5 Qxh3 27.Bxd4 cxd4 
28.Rd3 Rxd3 29.Qxd3 Bf6 30.Nf3 Rd8 31.Qe4 Qd7 32.Rb1 Re8 33.Qd3 Qd5 34.Rd1
Rd8 35.e4 Qa5 36.Kg2 g6 37.Rc1 h5 38.Rc6 Bg7 39.Qc4 Qc3 0-1

[Event "4th EUR-ch"]
[Site "Istanbul TUR"]
[Date "2003.06.10"]
[Round "10.59"]
[White "Zelcic, Robert"]
[Black "Erenburg, Sergey"]
[Result "1-0"]
[WhiteElo "2540"]
[BlackElo "2499"]
[EventDate "2003.05.30"]
[PlyCount "105"]

1.e4 c6 2.d4 d5 3.Nc3 dxe4 4.Nxe4 Nd7 5.Ng5 Ngf6 6.Bd3 e6 7.N1f3 Bd6 8.Qe2
h6 9.Ne4 Nxe4 10.Qxe4 Nf6 11.Qh4 Ke7 12.Ne5 Bxe5 13.dxe5 Qa5+ 14.c3 Qxe5+ 
15.Be3 b6 16.O-O-O g5 17.Qh3 c5 18.Rhe1 Bb7 19.Bc4 Be4 20.f3 Bg6 21.Bd5 
Qxd5 22.Rxd5 Nxd5 23.f4 Rad8 24.fxg5 h5 25.Qf3 Nxe3 26.Rxe3 Rhe8 27.Re1 
Rd6 28.Rd1 Red8 29.Rxd6 Rxd6 30.Qf6+ Kd7 31.h4 Rd3 32.Qf4 Kc6 33.g4 Rh3 
34.gxh5 Bxh5 35.Kd2 Bg6 36.Ke1 e5 37.Qg4 Rh1+ 38.Kf2 Rh2+ 39.Kg3 Rxb2 40.
h5 Bb1 41.Qf3+ Kb5 42.Qxf7 Be4 43.Qe8+ Kc4 44.Qxe5 Kd3 45.h6 Rg2+ 46.Kh3 
Rg1 47.Qf4 c4 48.Qf2 Rh1+ 49.Kg3 Kxc3 50.Qe3+ Bd3 51.g6 Kc2 52.g7 Bh7 53.
g8=Q 1-0

[Event "4th EUR-ch"]
[Site "Istanbul TUR"]
[Date "2003.06.10"]
[Round "10.60"]
[White "Fridmans, Daniels"]
[Black "Nataf, Igor-Alexandre"]
[Result "0-1"]
[WhiteElo "2621"]
[BlackElo "2559"]
[EventDate "2003.05.30"]
[PlyCount "60"]

1.c4 g6 2.g3 Bg7 3.Bg2 e5 4.Nc3 d6 5.e3 Nc6 6.Nge2 Nf6 7.O-O O-O 8.d4 exd4
9.Nxd4 Nxd4 10.exd4 Rb8 11.h3 a6 12.a4 Re8 13.Bg5 h6 14.Be3 Bf5 15.g4 Bd7 
16.Qd2 h5 17.f3 Nh7 18.Rad1 b5 19.axb5 axb5 20.cxb5 Bxb5 21.Rf2 Bc4 22.Bf1
Bxf1 23.Rdxf1 Qh4 24.Kg2 c5 25.Ne4 Rb3 26.gxh5 Qxh5 27.Re2 Rxe4 28.fxe4 
Ng5 29.Qc2 Qxh3+ 30.Kf2 Rxe3 0-1

[Event "4th EUR-ch"]
[Site "Istanbul TUR"]
[Date "2003.06.10"]
[Round "10.61"]
[White "Krasenkow, Michal"]
[Black "Guliev, Sarhan"]
[Result "0-1"]
[WhiteElo "2609"]
[BlackElo "2524"]
[EventDate "2003.05.30"]
[PlyCount "98"]

1.c4 f5 2.d4 Nf6 3.Nc3 e6 4.Qc2 Nc6 5.d5 Nb4 6.Qb1 exd5 7.a3 d4 8.Nb5 Nc6 
9.Nf3 g6 10.Bf4 d6 11.Nbxd4 Bg7 12.e3 O-O 13.Be2 Ne4 14.h4 Qe7 15.Qa2 Kh8 
16.Rd1 Bd7 17.O-O Ne5 18.Ng5 h6 19.Nxe4 fxe4 20.Qb1 Ng4 21.Nb5 Bf5 22.c5 
dxc5 23.Nxc7 Rad8 24.Bg3 Ne5 25.Nd5 Qe6 26.Nf4 Qf7 27.Rxd8 Rxd8 28.Rd1 Nd3
29.b3 Kh7 30.Qc2 b5 31.h5 g5 32.Ng6 Qe6 33.Rb1 Rd7 34.a4 a6 35.axb5 axb5 
36.Qa2 Bxg6 37.hxg6+ Kxg6 38.Qa8 h5 39.f3 exf3 40.Bxf3 Qxe3+ 41.Kh1 Re7 
42.Qc6+ Re6 43.Qd7 g4 44.Bd1 Nb4 45.Bf2 Qe4 46.Rc1 Bd4 47.Bf3 gxf3 48.Rg1 
Kh6 49.Qd8 Rg6 0-1

[Event "4th EUR-ch"]
[Site "Istanbul TUR"]
[Date "2003.06.10"]
[Round "10.63"]
[White "Solak, Dragan"]
[Black "Efimenko, Zahar"]
[Result "1/2-1/2"]
[WhiteElo "2514"]
[BlackElo "2599"]
[EventDate "2003.05.30"]
[PlyCount "101"]

1.e4 c5 2.Nc3 a6 3.g3 b5 4.Bg2 Bb7 5.d3 e6 6.Nf3 d6 7.O-O Be7 8.h3 Nd7 9.
Qe2 Ngf6 10.Bd2 b4 11.Nd1 Qc7 12.Ne3 d5 13.exd5 Nxd5 14.Nc4 O-O 15.Rae1 
Rae8 16.Ng5 Bxg5 17.Bxg5 N7b6 18.Qh5 e5 19.Be4 g6 20.Qh4 f5 21.Bg2 Nd7 22.
Bh6 Rf6 23.Re2 Rfe6 24.Rfe1 N5b6 25.Nxb6 Nxb6 26.Bxb7 Qxb7 27.Bf4 Nd7 28.
Bc1 Qd5 29.Qc4 Qxc4 30.dxc4 Rd6 31.f4 e4 32.Rd2 Rxd2 33.Bxd2 Re6 34.Be3 
Kf7 35.Rd1 Ke7 36.Rd5 Rd6 37.Rxd6 Kxd6 38.Kf2 Nf8 39.Ke2 Ne6 40.Kd2 a5 41.
c3 bxc3+ 42.Kxc3 a4 43.b3 axb3 44.axb3 Kc6 45.b4 cxb4+ 46.Kxb4 h6 47.h4 
Ng7 48.Kc3 Ne6 49.Kb4 Ng7 50.Kc3 Ne6 51.Kb4 1/2-1/2

[Event "4th EUR-ch"]
[Site "Istanbul TUR"]
[Date "2003.06.10"]
[Round "10.64"]
[White "Arizmendi Martinez, Julen Luis"]
[Black "Vajda, Levente"]
[Result "1/2-1/2"]
[WhiteElo "2516"]
[BlackElo "2592"]
[EventDate "2003.05.30"]
[PlyCount "114"]

1.e4 e5 2.Nf3 d6 3.d4 exd4 4.Nxd4 Nf6 5.Nc3 Be7 6.Be2 O-O 7.O-O c5 8.Nb3 
Nc6 9.f4 Re8 10.Bf3 Bf8 11.Kh1 a5 12.a4 Be6 13.Be3 Nb4 14.Bf2 Qc8 15.h3 
Rd8 16.Qe2 Ra6 17.g4 Re8 18.Rae1 h5 19.f5 Bxb3 20.cxb3 d5 21.e5 hxg4 22.
hxg4 d4 23.Qb5 Nxg4 24.Bxg4 Rh6+ 25.Kg2 dxc3 26.bxc3 Nc6 27.Bg3 Be7 28.Qc4
Bh4 29.e6 fxe6 30.Rxe6 Rexe6 31.fxe6 Ne7 32.Qf4 Rf6 33.Qc7 Rxf1 34.Kxf1 
Qxc7 35.Bxc7 Nd5 36.Bxa5 Ne3+ 37.Ke2 Nxg4 38.Kf3 Ne5+ 39.Ke4 Nc6 40.Bb6 
Bf6 41.Kd3 Be7 42.Kc4 Ne5+ 43.Kb5 Nd3 44.a5 g5 45.Bc7 g4 46.c4 Nc1 47.Kb6 
Nxb3 48.Kxb7 Nxa5+ 49.Bxa5 g3 50.Be1 g2 51.Bf2 Kf8 52.Kc6 Ke8 53.Kd5 Kd8 
54.Ke4 Kc7 55.Kf3 Kd6 56.Kxg2 Kxe6 57.Bxc5 Bxc5 1/2-1/2

[Event "4th EUR-ch"]
[Site "Istanbul TUR"]
[Date "2003.06.10"]
[Round "10.66"]
[White "San Segundo Carrillo, Pablo"]
[Black "Damljanovic, Branko"]
[Result "0-1"]
[WhiteElo "2515"]
[BlackElo "2587"]
[EventDate "2003.05.30"]
[PlyCount "44"]

1.d4 Nf6 2.c4 g6 3.Nc3 Bg7 4.e4 d6 5.Nf3 O-O 6.Be2 e5 7.O-O Na6 8.Re1 c6 
9.Be3 Ng4 10.Bg5 f6 11.Bh4 exd4 12.Nxd4 Nh6 13.Qd2 Nf7 14.Bg3 Re8 15.Rad1 
Nc5 16.Qc2 Qb6 17.Bf4 a5 18.Nb3 Ne6 19.Be3 Qc7 20.Na4 c5 21.Nc3 a4 22.Nb5 
axb3 0-1

[Event "4th EUR-ch"]
[Site "Istanbul TUR"]
[Date "2003.06.10"]
[Round "10.68"]
[White "Izoria, Zviad"]
[Black "Sulypa, Olexandr"]
[Result "1/2-1/2"]
[WhiteElo "2569"]
[BlackElo "2492"]
[EventDate "2003.05.30"]
[PlyCount "100"]

1.d4 Nf6 2.c4 e6 3.Nf3 d5 4.Nc3 c5 5.cxd5 Nxd5 6.e4 Nxc3 7.bxc3 cxd4 8.
cxd4 Bb4+ 9.Bd2 Bxd2+ 10.Qxd2 O-O 11.Bc4 Nc6 12.O-O Qd6 13.Rad1 Rd8 14.Qe3
Qb4 15.d5 exd5 16.exd5 Qxc4 17.dxc6 Rf8 18.Qe7 bxc6 19.Ne5 Qe6 20.Nxc6 
Qxe7 21.Nxe7+ Kh8 22.Nxc8 Rfxc8 23.Rd7 Kg8 24.Rfd1 g6 25.g3 Rc6 26.R1d6 
Rb6 27.a4 Re8 28.Rd4 a6 29.Rf4 Rf8 30.Ra7 h5 31.Kg2 Re6 32.a5 f6 33.Rb4 
Rf7 34.Rb6 Rxa7 35.Rxe6 Kf7 36.Rb6 g5 37.Kf3 Kg6 38.h3 Kf5 39.Rc6 g4+ 40.
Kg2 Ra8 41.h4 Ra7 42.Kf1 Ra8 43.Ke2 Re8+ 44.Kd3 Re6 45.Rxe6 Kxe6 46.Kd4 
Kd6 47.Ke4 Ke6 48.Kf4 Ke7 49.f3 gxf3 50.Kxf3 f5 1/2-1/2

[Event "4th EUR-ch"]
[Site "Istanbul TUR"]
[Date "2003.06.10"]
[Round "10.69"]
[White "Ruck, Robert"]
[Black "Vesterbaek Pedersen, Nicolai"]
[Result "0-1"]
[WhiteElo "2569"]
[BlackElo "2508"]
[EventDate "2003.05.30"]
[PlyCount "144"]

1.Nf3 Nf6 2.d4 e6 3.g3 b5 4.Qd3 a6 5.e4 Bb7 6.e5 Nd5 7.Bg2 d6 8.O-O Nd7 9.
a3 c5 10.dxc5 Nxc5 11.Qe2 Be7 12.b3 O-O 13.Bb2 Qc7 14.Nbd2 dxe5 15.Bxe5 
Bd6 16.Bb2 Nb6 17.Rfe1 Rfe8 18.Ne5 Bxg2 19.Kxg2 Rad8 20.f4 Bxe5 21.Bxe5 
Qc6+ 22.Nf3 Rd5 23.Rad1 Red8 24.Rxd5 Rxd5 25.Kg1 Ncd7 26.Bb2 Qc5+ 27.Kf1 
h6 28.Kg2 Nf6 29.Ne5 Qd6 30.Nd3 Nbd7 31.Qf3 Qc6 32.Re2 a5 33.h3 Qd6 34.Ne5
Rd2 35.Nxd7 Qxd7 36.Bxf6 gxf6 37.Rxd2 Qxd2+ 38.Qf2 Qd1 39.c4 Qxb3 40.cxb5 
Qxb5 41.g4 Qd5+ 42.Kh2 Qe4 43.Qd2 a4 44.Kg3 Kg7 45.Qc3 Qd5 46.Qc1 Qd4 47.
h4 e5 48.fxe5 fxe5 49.g5 h5 50.Qe1 Qg4+ 51.Kh2 Kg6 52.Qb1+ Kg7 53.Qe1 f6 
54.gxf6+ Kxf6 55.Kh1 Qf3+ 56.Kg1 Kf5 57.Kh2 Qe4 58.Qc3 Qxh4+ 59.Kg2 Qg4+ 
60.Kh2 Qe2+ 61.Kh3 Qf1+ 62.Kh2 Qf4+ 63.Kg2 Kg5 64.Qc5 Kh4 65.Qc3 Qe4+ 66.
Kh2 Qe2+ 67.Kg1 Kg5 68.Qc1+ Kg4 69.Qc8+ Kf4 70.Qf8+ Kg3 71.Qg7+ Kh3 72.Qg5
Qe1# 0-1

[Event "4th EUR-ch"]
[Site "Istanbul TUR"]
[Date "2003.06.10"]
[Round "10.70"]
[White "Bocharov, Dmitry"]
[Black "Inarkiev, Ernesto"]
[Result "0-1"]
[WhiteElo "2492"]
[BlackElo "2568"]
[EventDate "2003.05.30"]
[PlyCount "43"]

1.d4 Nf6 2.Nf3 g6 3.c4 Bg7 4.g3 O-O 5.Bg2 d6 6.Nc3 Nc6 7.O-O a6 8.Qd3 Bd7 
9.d5 Nb4 10.Qd2 a5 11.Nd4 Qc8 12.Re1 Bh3 13.Bh1 Ng4 14.Nf3 h6 15.Rb1 Qf5 
16.e4 Qh5 17.a3 Na6 18.Ne2 e5 19.dxe6 fxe6 20.Nf4 Rxf4 21.Qxf4 Nc5 22.a4 
0-1

[Event "4th EUR-ch"]
[Site "Istanbul TUR"]
[Date "2003.06.10"]
[Round "10.71"]
[White "Marin, Mihail"]
[Black "Dizdarevic, Emir"]
[Result "1-0"]
[WhiteElo "2568"]
[BlackElo "2491"]
[EventDate "2003.05.30"]
[PlyCount "67"]

1.c4 e5 2.Nc3 Bb4 3.Nd5 Be7 4.d4 d6 5.e4 Nf6 6.Nxe7 Qxe7 7.f3 exd4 8.Qxd4 
Nc6 9.Qc3 O-O 10.Ne2 Nd7 11.Nf4 Nb6 12.a4 a5 13.Be3 Nd7 14.Nd5 Qd8 15.Rd1 
b6 16.Bd3 Nc5 17.Bc2 Be6 18.O-O Bxd5 19.cxd5 Nb4 20.Bd4 Nxc2 21.Bxg7 Nb4 
22.Bf6 Na2 23.Qd4 Nb3 24.Bxd8 Nxd4 25.Bxc7 Nc2 26.Rf2 Nab4 27.Bxd6 Rfc8 
28.f4 Ne3 29.Rf3 Nc4 30.Rg3+ Kh8 31.Be7 h5 32.b3 Na3 33.d6 Nac2 34.d7 1-0

[Event "4th EUR-ch"]
[Site "Istanbul TUR"]
[Date "2003.06.10"]
[Round "10.72"]
[White "Dzhakaev, Dzhakay"]
[Black "Jobava, Baadur"]
[Result "0-1"]
[WhiteElo "2465"]
[BlackElo "2566"]
[EventDate "2003.05.30"]
[PlyCount "64"]

1.Nf3 Nf6 2.c4 g6 3.Nc3 Bg7 4.e4 d6 5.d4 O-O 6.Be2 Na6 7.O-O e5 8.Re1 Qe8 
9.Bf1 Bg4 10.d5 Nb4 11.Be2 a5 12.g3 Nd7 13.a3 Na6 14.Rb1 h6 15.b4 axb4 16.
axb4 f5 17.Nh4 h5 18.Bxg4 hxg4 19.f3 gxf3 20.Nxf3 Bf6 21.Bh6 Rf7 22.Bg5 
Qe7 23.h4 Raf8 24.Qd3 f4 25.Bh6 Bg7 26.Bg5 Bf6 27.Bh6 fxg3 28.Bxf8 Nxf8 
29.Re3 Bxh4 30.Nxh4 Qxh4 31.Rxg3 Rh7 32.Kf1 Nxb4 0-1

[Event "4th EUR-ch"]
[Site "Istanbul TUR"]
[Date "2003.06.10"]
[Round "10.73"]
[White "Bischoff, Klaus"]
[Black "Pogorelov, Ruslan"]
[Result "1/2-1/2"]
[WhiteElo "2564"]
[BlackElo "2489"]
[EventDate "2003.05.30"]
[PlyCount "101"]

1.Nf3 Nf6 2.c4 e6 3.g3 d5 4.b3 c5 5.Bg2 Nc6 6.O-O Be7 7.e3 O-O 8.Bb2 dxc4 
9.bxc4 Qb6 10.Qc1 Nb4 11.Ne1 Rd8 12.a3 Nd3 13.Nxd3 Rxd3 14.a4 Qd8 15.Qc2 
Rd7 16.Rd1 Rb8 17.a5 Bd6 18.Nc3 Bc7 19.Nb5 Bxa5 20.Nxa7 Rxd2 21.Rxd2 Qxd2 
22.Qxd2 Bxd2 23.Be5 Ra8 24.Nxc8 Rxc8 25.Bxb7 Re8 26.Bc6 Rc8 27.Bb7 Re8 28.
Bd6 Bb4 29.Bc6 Rc8 30.Ra7 h6 31.Rc7 Rxc7 32.Bxc7 h5 33.h3 Nh7 34.Kf1 g6 
35.Ke2 Kg7 36.Bd6 f6 37.Kd3 Kf7 38.g4 hxg4 39.hxg4 f5 40.gxf5 gxf5 41.f3 
Nf6 42.Kc2 Ne8 43.Bg3 Ke7 44.Kb3 Nd6 45.e4 fxe4 46.fxe4 Bd2 47.Bf2 Bb4 48.
Bh4+ Kf7 49.Bf2 Ke7 50.Bh4+ Kf7 51.Bf2 1/2-1/2

[Event "4th EUR-ch"]
[Site "Istanbul TUR"]
[Date "2003.06.10"]
[Round "10.74"]
[White "Schandorff, Lars"]
[Black "Arlandi, Ennio"]
[Result "1-0"]
[WhiteElo "2563"]
[BlackElo "2456"]
[EventDate "2003.05.30"]
[PlyCount "109"]

1.d4 d5 2.c4 c6 3.Nf3 Nf6 4.Nc3 a6 5.c5 Nbd7 6.h3 Qc7 7.Bg5 e5 8.e3 Be7 9.
Be2 O-O 10.O-O Re8 11.Qc2 exd4 12.exd4 Nf8 13.Bd3 Nh5 14.Rfe1 Nf4 15.Re3 
Nxd3 16.Qxd3 Be6 17.Rae1 Bxg5 18.Nxg5 Qf4 19.Nf3 Bf5 20.Qd1 Rxe3 21.Rxe3 
Ne6 22.Ne2 Qc7 23.Ng3 Bg6 24.h4 h6 25.Ne5 Bh7 26.Qg4 Re8 27.Nh5 Kh8 28.Nf4
Nxf4 29.Qxf4 Re7 30.h5 Kg8 31.Qg4 Bb1 32.a3 f6 33.Ng6 Rxe3 34.fxe3 Kf7 35.
Kf2 Bxg6 36.Qxg6+ Kf8 37.Qg4 Kf7 38.Qg6+ Kf8 39.Qg4 Kf7 40.Qf5 Ke7 41.Kf3 
Qa5 42.Qg4 Kf7 43.Qd7+ Kg8 44.Qxb7 Qa4 45.Qc8+ Kf7 46.Qd7+ Kf8 47.Qd6+ Kf7
48.Qc7+ Kf8 49.b3 Qxa3 50.Qxc6 Qxb3 51.Qxa6 Qd1+ 52.Qe2 Qb1 53.Kg3 Qe4 54.
Kh2 Ke7 55.Qf3 1-0

[Event "4th EUR-ch"]
[Site "Istanbul TUR"]
[Date "2003.06.10"]
[Round "10.75"]
[White "Spasov, Vasil"]
[Black "Hug, Werner"]
[Result "1-0"]
[WhiteElo "2555"]
[BlackElo "2453"]
[EventDate "2003.05.30"]
[PlyCount "89"]

1.e4 e6 2.d4 d5 3.Nd2 c5 4.Ngf3 cxd4 5.exd5 Qxd5 6.Bc4 Qd6 7.O-O Nf6 8.Re1
Nc6 9.Ne4 Qd8 10.Nxf6+ gxf6 11.Bb5 Bc5 12.a3 Bd7 13.b4 Bb6 14.Bf4 Ne7 15.
Bd3 Bc6 16.Bg3 Nd5 17.Nh4 Qd7 18.Nf5 a6 19.Qh5 O-O-O 20.Nd6+ Kb8 21.Nxf7+ 
Ka8 22.Nxd8 Bxd8 23.Qg4 f5 24.Qxd4 Rg8 25.Re5 f4 26.Rxd5 Qxd5 27.Qxd5 Bxd5
28.Bxf4 Rxg2+ 29.Kf1 Rg4 30.Bg3 h5 31.Be2 Rg5 32.h4 Rf5 33.c4 Bc6 34.Rd1 
Be7 35.Rd3 e5 36.b5 axb5 37.cxb5 Bxb5 38.Rd5 Bc6 39.Ra5+ Kb8 40.Bxe5+ Kc8 
41.Ra8+ Kd7 42.Bg3 Rc5 43.Bd3 Bf3 44.Ke1 Rc3 45.Bf5+ 1-0

[Event "4th EUR-ch"]
[Site "Istanbul TUR"]
[Date "2003.06.10"]
[Round "10.76"]
[White "Zaja, Ivan"]
[Black "Stevic, Hrvoje"]
[Result "1/2-1/2"]
[WhiteElo "2417"]
[BlackElo "2550"]
[EventDate "2003.05.30"]
[PlyCount "41"]

1.d4 Nf6 2.c4 g6 3.Nc3 Bg7 4.e4 d6 5.Bd3 Nc6 6.Nge2 e5 7.d5 Nd4 8.Nxd4 
exd4 9.Nb5 O-O 10.O-O Re8 11.Re1 a6 12.Nxd4 Nxd5 13.cxd5 Bxd4 14.Qa4 c5 
15.dxc6 Qb6 16.Be3 Bxe3 17.Rxe3 bxc6 18.Qc2 Be6 19.b3 a5 20.Rae1 a4 21.Bc4
1/2-1/2

[Event "4th EUR-ch"]
[Site "Istanbul TUR"]
[Date "2003.06.10"]
[Round "10.77"]
[White "Lahno, Kateryna"]
[Black "David, Alberto"]
[Result "1/2-1/2"]
[WhiteElo "2417"]
[BlackElo "2548"]
[EventDate "2003.05.30"]
[PlyCount "42"]

1.e4 c5 2.Nf3 Nc6 3.d4 cxd4 4.Nxd4 Nf6 5.Nc3 d6 6.Bg5 e6 7.Qd2 a6 8.O-O-O 
Bd7 9.f3 Qa5 10.Be3 Rc8 11.Kb1 Be7 12.g4 h6 13.h4 Nxd4 14.Bxd4 e5 15.Be3 
Be6 16.a3 Rxc3 17.Qxc3 Qxc3 18.bxc3 d5 19.exd5 Nxd5 20.Rd3 b5 21.Be2 O-O 
1/2-1/2

[Event "4th EUR-ch"]
[Site "Istanbul TUR"]
[Date "2003.06.10"]
[Round "10.78"]
[White "Erdogdu, Mert"]
[Black "Areschenko, Alexander"]
[Result "0-1"]
[WhiteElo "2303"]
[BlackElo "2546"]
[EventDate "2003.05.30"]
[PlyCount "76"]

1.e4 c5 2.Nf3 d6 3.d4 cxd4 4.Nxd4 Nf6 5.Nc3 a6 6.Be3 e5 7.Nb3 Be6 8.f3 h5 
9.Qd2 Nbd7 10.O-O-O Rc8 11.Kb1 Be7 12.Bd3 b5 13.h3 h4 14.f4 Qc7 15.Rhe1 
Bc4 16.Qf2 b4 17.Nd5 Nxd5 18.exd5 Bxd3 19.Rxd3 O-O 20.fxe5 dxe5 21.d6 Bxd6
22.Red1 Nc5 23.Bxc5 Bxc5 24.Qxh4 Be7 25.Qf2 Rfd8 26.Rf1 Bf6 27.Nc5 Rxd3 
28.Nxd3 Qc4 29.Rc1 e4 30.Nf4 Qb5 31.Re1 Rd8 32.Qe3 Qe5 33.Qc1 a5 34.g3 a4 
35.Nd3 Qd4 36.Nf4 a3 37.c3 bxc3 38.Qxc3 Qf2 0-1

[Event "4th EUR-ch"]
[Site "Istanbul TUR"]
[Date "2003.06.10"]
[Round "10.79"]
[White "Banikas, Hristos"]
[Black "Volkmann, Friedrich"]
[Result "1-0"]
[WhiteElo "2542"]
[BlackElo "2435"]
[EventDate "2003.05.30"]
[PlyCount "53"]

1.c4 e5 2.Nc3 Nf6 3.Nf3 Nc6 4.e3 Bb4 5.Qc2 O-O 6.Nd5 Re8 7.Bd3 h6 8.h4 d6 
9.Nxf6+ Qxf6 10.Bh7+ Kf8 11.Be4 a5 12.b3 a4 13.bxa4 Bc5 14.Bb2 Nb4 15.Qb1 
Rxa4 16.O-O Bg4 17.Bc3 Bxf3 18.Bxf3 Qxh4 19.Bd1 Ra6 20.Bxb4 Rb6 21.a3 Bxb4
22.axb4 Qxc4 23.Qh7 Re6 24.Ra8+ Ke7 25.Qxg7 Rg6 26.Qf8+ Kf6 27.f4 1-0

[Event "4th EUR-ch"]
[Site "Istanbul TUR"]
[Date "2003.06.10"]
[Round "10.80"]
[White "Brynell, Stellan"]
[Black "Atakisi, Umut"]
[Result "1/2-1/2"]
[WhiteElo "2534"]
[BlackElo "2303"]
[EventDate "2003.05.30"]
[PlyCount "56"]

1.e4 c5 2.Nf3 Nc6 3.Bb5 d6 4.O-O Bd7 5.Re1 Nf6 6.h3 g6 7.c3 Bg7 8.d4 cxd4 
9.cxd4 d5 10.exd5 Nxd5 11.Nc3 Nxc3 12.bxc3 O-O 13.a4 Rc8 14.Ba3 Re8 15.Qe2
a6 16.Bd3 e5 17.Qb2 exd4 18.cxd4 Be6 19.Qxb7 Nxd4 20.Rad1 Bb3 21.Rxe8+ 
Qxe8 22.Rb1 Rb8 23.Qe4 Qxe4 24.Bxe4 Ne2+ 25.Kh2 Nc3 26.Bd6 Nxb1 27.Bxb8 
Nc3 28.Bb7 Bxa4 1/2-1/2

[Event "4th EUR-ch"]
[Site "Istanbul TUR"]
[Date "2003.06.10"]
[Round "10.83"]
[White "Romero Holmes, Alfonso"]
[Black "Rotsagov, Mihhail"]
[Result "1/2-1/2"]
[WhiteElo "2560"]
[BlackElo "2487"]
[EventDate "2003.05.30"]
[PlyCount "49"]

1.c4 e5 2.g3 Nf6 3.Bg2 d5 4.cxd5 Nxd5 5.Nc3 Nb6 6.d3 Be7 7.Be3 O-O 8.Rc1 
f5 9.b4 Kh8 10.b5 a6 11.a4 axb5 12.axb5 c5 13.bxc6 Nxc6 14.Nf3 Bf6 15.Qb3 
Ra6 16.O-O Qe8 17.Rfd1 Be6 18.Qb2 Nd4 19.Bxd4 exd4 20.Nb5 Ra2 21.Qb1 Na4 
22.Rc2 Nc3 23.Nxc3 Rxc2 24.Qxc2 dxc3 25.d4 1/2-1/2

[Event "4th EUR-ch"]
[Site "Istanbul TUR"]
[Date "2003.06.10"]
[Round "10.85"]
[White "Tratar, Marko"]
[Black "Jaracz, Pawel"]
[Result "1/2-1/2"]
[WhiteElo "2464"]
[BlackElo "2549"]
[EventDate "2003.05.30"]
[PlyCount "49"]

1.Nf3 Nf6 2.c4 c6 3.d4 d5 4.e3 Bf5 5.Nc3 e6 6.Nh4 Bg6 7.Qb3 Qc7 8.Nxg6 
hxg6 9.h3 Nbd7 10.Bd2 Be7 11.Bd3 g5 12.O-O-O O-O-O 13.f3 Kb8 14.Kb1 Rhe8 
15.Rhe1 Bd6 16.Rc1 Bg3 17.Rf1 dxc4 18.Bxc4 Nb6 19.Ne2 Nfd5 20.Ba5 Bd6 21.
Rfd1 Qe7 22.e4 Nf4 23.Nxf4 Bxf4 24.Rc3 Bc7 25.Bxb6 1/2-1/2

[Event "4th EUR-ch"]
[Site "Istanbul TUR"]
[Date "2003.06.10"]
[Round "10.86"]
[White "Gershon, Alik"]
[Black "Zueger, Beat"]
[Result "1-0"]
[WhiteElo "2543"]
[BlackElo "2448"]
[EventDate "2003.05.30"]
[PlyCount "61"]

1.d4 Nf6 2.Nf3 g6 3.c4 Bg7 4.Nc3 d6 5.e4 Bg4 6.Be3 Nbd7 7.Be2 c6 8.O-O Qc7
9.Rc1 a6 10.h3 Bxf3 11.Bxf3 e5 12.d5 c5 13.a3 h5 14.Qd2 O-O 15.Be2 Nh7 16.
b4 Rac8 17.Rb1 f5 18.exf5 gxf5 19.f4 cxb4 20.axb4 b5 21.fxe5 Bxe5 22.Bd3 
Nb6 23.c5 dxc5 24.Bxc5 Bxc3 25.Qxc3 Na4 26.d6 Nxc3 27.dxc7 Nxb1 28.Bxf8 
Nxf8 29.Rc1 Ne6 30.Bxf5 Kf7 31.Rc6 1-0

[Event "4th EUR-ch"]
[Site "Istanbul TUR"]
[Date "2003.06.10"]
[Round "10.87"]
[White "Nedev, Trajce"]
[Black "Yagupov, Igor"]
[Result "1/2-1/2"]
[WhiteElo "2518"]
[BlackElo "2454"]
[EventDate "2003.05.30"]
[PlyCount "107"]

1.e4 c5 2.Nf3 d6 3.d4 cxd4 4.Nxd4 Nf6 5.Nc3 a6 6.Be3 e5 7.Nb3 Be7 8.f3 Be6
9.Qd2 O-O 10.O-O-O Nbd7 11.g4 Qc7 12.Kb1 Nb6 13.g5 Nh5 14.Rg1 d5 15.exd5 
Nxd5 16.Nxd5 Bxd5 17.Qf2 Qc6 18.Bd3 Rad8 19.Bb6 Rd6 20.Bc5 Rd7 21.Bxe7 
Rxe7 22.Qh4 Bxf3 23.g6 Qf6 24.gxf7+ Kh8 25.Qxf6 Nxf6 26.Rde1 Rfxf7 27.Rgf1
Bd5 28.c4 Bg2 29.Rf2 Bh3 30.Nc5 Rf8 31.Re3 Bg4 32.Ne4 Bh5 33.c5 Bg6 34.Nd6
e4 35.Bc4 Rc7 36.b4 a5 37.a3 axb4 38.axb4 b6 39.Nb5 Rcc8 40.Na7 Rc7 41.Nb5
Rcc8 42.Na7 Ra8 43.cxb6 Rab8 44.Nc6 Rxb6 45.b5 Rc8 46.Ne5 Rxc4 47.Nxc4 
Rxb5+ 48.Rb2 Rxb2+ 49.Kxb2 Ng4 50.Re2 h6 51.Kc3 Kh7 52.Kd4 Nf6 53.Nd6 Bh5 
54.Ra2 1/2-1/2

[Event "4th EUR-ch"]
[Site "Istanbul TUR"]
[Date "2003.06.10"]
[Round "10.88"]
[White "Georgiev, Krum"]
[Black "Moor, Roger"]
[Result "0-1"]
[WhiteElo "2516"]
[BlackElo "2405"]
[EventDate "2003.05.30"]
[PlyCount "78"]

1.e4 c5 2.Nf3 e6 3.b3 b6 4.d4 cxd4 5.Nxd4 a6 6.Bb2 Bb7 7.Bd3 d6 8.c4 Nf6 
9.Nc3 g6 10.O-O Bg7 11.Qe2 O-O 12.Rad1 Nbd7 13.Bb1 Qc7 14.Rd2 Rad8 15.Rfd1
Bh6 16.Rd3 Qb8 17.Rh3 Bg7 18.f4 Rfe8 19.Nf3 Nh5 20.Qe3 b5 21.cxb5 axb5 22.
Bc1 b4 23.Ne2 Nhf6 24.Rh4 Rc8 25.Bd2 Bf8 26.Ng5 Ba6 27.Re1 Rc5 28.Qh3 h5 
29.Be3 Qc7 30.Nd4 Rc3 31.Qg3 Ng4 32.Rxg4 hxg4 33.Qh4 Bg7 34.Bf2 Rc1 35.e5 
Rxe1+ 36.Bxe1 Qc5 37.Qf2 dxe5 38.fxe5 Nxe5 39.Ne4 Qxd4 0-1